{"text_format":"3","workbook":"xlsx","n_sheets":1,"sheets":["t564"],"read":"whole","date_system":"1900"}

{"sheet":"t564","index":0,"n_rows":187,"n_cols":7,"rows_kept":187,"merged":[[0,0,0,6],[30,0,30,5],[52,0,52,5],[157,0,157,5]]}
["TABELA 564.1 - Estatísticas Agrícolas, Município de Sarapuí, Estado de São Paulo, 2007/08."]
["ITEM","UNIDADE","N.DE UPAs","MÍNIMO","MÉDIO","MÁXIMO","TOTAL"]
["Distância à sede do município","km",552,0.6,{"v":10.06,"d":"10.1"},{"v":35,"d":"35.0"},"-"]
["Área total","hectare",552,0.3,{"v":50.18,"d":"50.2"},{"v":1000,"d":"1,000.0"},{"v":27700.9,"d":"27,700.9"}]
["Área com cultura perene","hectare",51,0.2,{"v":7.07,"d":"7.1"},55.6,360.7]
["Área com cultura temporária","hectare",244,0.5,15.2,236.7,{"v":3707.8,"d":"3,707.8"}]
["Área com pastagem","hectare",520,0.2,34.5,881.7,{"v":17941.4,"d":"17,941.4"}]
["Área com reflorestamento","hectare",44,0.2,28.2,655.1,{"v":1240.9,"d":"1,240.9"}]
["Área com vegetação natural","hectare",369,0.1,{"v":8.77,"d":"8.8"},172.6,{"v":3237.7,"d":"3,237.7"}]
["Área com vegetação de brejo e várzea","hectare",13,0.5,{"v":10.22,"d":"10.2"},76.8,132.9]
["Área em descanso","hectare",40,0.2,{"v":5.11,"d":"5.1"},69.5,204.4]
["Área complementar","hectare",368,0.1,{"v":2.38,"d":"2.4"},149.2,875.1]
["Área das UPAs com (0, 1] ha","hectare",10,0.3,{"v":0.89,"d":"0.9"},{"v":1,"d":"1.0"},8.9]
["Área das UPAs com (1, 2] ha","hectare",16,1.2,{"v":1.61,"d":"1.6"},{"v":2,"d":"2.0"},25.8]
["Área das UPAs com (2, 5] ha","hectare",73,2.1,{"v":3.66,"d":"3.7"},{"v":5,"d":"5.0"},266.9]
["Área das UPAs com (5, 10] ha","hectare",87,5.4,{"v":7.57,"d":"7.6"},{"v":10,"d":"10.0"},658.2]
["Área das UPAs com (10, 20] ha","hectare",108,10.4,{"v":14.72,"d":"14.7"},19.3,{"v":1589.5,"d":"1,589.5"}]
["Área das UPAs com (20, 50] ha","hectare",130,20.5,{"v":32.79,"d":"32.8"},{"v":50,"d":"50.0"},{"v":4263.1,"d":"4,263.1"}]
["Área das UPAs com (50, 100] ha","hectare",56,51.6,{"v":71.81,"d":"71.8"},{"v":100,"d":"100.0"},{"v":4021.6,"d":"4,021.6"}]
["Área das UPAs com (100, 200] ha","hectare",45,100.4,{"v":145.45,"d":"145.5"},193.6,{"v":6545.1,"d":"6,545.1"}]
["Área das UPAs com (200, 500] ha","hectare",21,{"v":205,"d":"205.0"},{"v":282.88,"d":"282.9"},{"v":460,"d":"460.0"},{"v":5940.4,"d":"5,940.4"}]
["Área das UPAs com (500, 1.000] ha","hectare",6,556.6,{"v":730.23,"d":"730.2"},{"v":1000,"d":"1,000.0"},{"v":4381.4,"d":"4,381.4"}]
["Área das UPAs com (1.000, 2.000] ha","hectare","-","-","-","-","-"]
["Área das UPAs com (2.000, 5.000] ha","hectare","-","-","-","-","-"]
["Área das UPAs com (5.000, 10.000] ha","hectare","-","-","-","-","-"]
["Área das UPAs acima de 10.000 ha","hectare","-","-","-","-","-"]
["Familiares do proprietário que trabalham na UPA","unidade",430,{"v":1,"d":"1.0"},{"v":1.87,"d":"1.9"},{"v":8,"d":"8.0"},{"v":805,"d":"805.0"}]
["Trabalhadores permanentes","unidade",147,{"v":1,"d":"1.0"},{"v":1.93,"d":"1.9"},{"v":18,"d":"18.0"},{"v":283,"d":"283.0"}]
["Fonte: Secretaria de Agricultura e Abastecimento, CDRS/IEA, Projeto LUPA."]
[]
["TABELA 564.2 - Explorações Animais, Município de Sarapuí, Estado de São Paulo, 2007/08."]
["ITEM","UNIDADE","N.DE UPAs","MÍNIMO","MÉDIO","MÁXIMO","TOTAL"]
["Apicultura","colmeias",1,{"v":25,"d":"25.0"},{"v":25,"d":"25.0"},{"v":25,"d":"25.0"},{"v":25,"d":"25.0"}]
["Asininos E Muares","cabeças",74,{"v":1,"d":"1.0"},{"v":2.23,"d":"2.2"},{"v":8,"d":"8.0"},{"v":165,"d":"165.0"}]
["Avestruzes e Ema (Criadouro)","cabeças",1,{"v":30,"d":"30.0"},{"v":30,"d":"30.0"},{"v":30,"d":"30.0"},{"v":30,"d":"30.0"}]
["Avicultura de Corte","cabeças/ano",29,{"v":10,"d":"10.0"},{"v":1761.17,"d":"1,761.2"},{"v":50000,"d":"50,000.0"},{"v":51074,"d":"51,074.0"}]
["Avicultura Ornamental/Decorativa/Exótica","cabeças",3,{"v":5,"d":"5.0"},{"v":38.33,"d":"38.3"},{"v":80,"d":"80.0"},{"v":115,"d":"115.0"}]
["Avicultura para Ovos","cabeças",47,{"v":1,"d":"1.0"},{"v":46.09,"d":"46.1"},{"v":110,"d":"110.0"},{"v":2166,"d":"2,166.0"}]
["Bovinocultura de Corte","cabeças",102,{"v":1,"d":"1.0"},85.5,{"v":1200,"d":"1,200.0"},{"v":8721,"d":"8,721.0"}]
["Bovinocultura Leiteira","cabeças",60,{"v":1,"d":"1.0"},{"v":22.17,"d":"22.2"},{"v":149,"d":"149.0"},{"v":1330,"d":"1,330.0"}]
["Bovinocultura Mista","cabeças",317,{"v":1,"d":"1.0"},{"v":32.81,"d":"32.8"},{"v":900,"d":"900.0"},{"v":10400,"d":"10,400.0"}]
["Bubalinocultura","cabeças",15,{"v":5,"d":"5.0"},{"v":55.67,"d":"55.7"},{"v":195,"d":"195.0"},{"v":835,"d":"835.0"}]
["Caprinocultura","cabeças",3,{"v":5,"d":"5.0"},{"v":10,"d":"10.0"},{"v":15,"d":"15.0"},{"v":30,"d":"30.0"}]
["Cunicultura","cabeças",1,{"v":3,"d":"3.0"},{"v":3,"d":"3.0"},{"v":3,"d":"3.0"},{"v":3,"d":"3.0"}]
["Equinocultura","cabeças",264,{"v":1,"d":"1.0"},{"v":3.26,"d":"3.3"},{"v":50,"d":"50.0"},{"v":861,"d":"861.0"}]
["Minhocultura","canteiros",3,{"v":1,"d":"1.0"},{"v":6.33,"d":"6.3"},{"v":10,"d":"10.0"},{"v":19,"d":"19.0"}]
["Outra Exploração Animal","cabeças",1,{"v":1,"d":"1.0"},{"v":1,"d":"1.0"},{"v":1,"d":"1.0"},{"v":1,"d":"1.0"}]
["Ovinocultura","cabeças",9,{"v":1,"d":"1.0"},{"v":56,"d":"56.0"},{"v":400,"d":"400.0"},{"v":504,"d":"504.0"}]
["Piscicultura","m² tanques",2,{"v":1000,"d":"1,000.0"},{"v":8000,"d":"8,000.0"},{"v":15000,"d":"15,000.0"},{"v":16000,"d":"16,000.0"}]
["Suinocultura","cabeças",21,{"v":1,"d":"1.0"},{"v":9.48,"d":"9.5"},{"v":50,"d":"50.0"},{"v":199,"d":"199.0"}]
["Fonte: Secretaria de Agricultura e Abastecimento, CDRS/IEA, Projeto LUPA."]
[]
["TABELA 564.3 -  Máquinas, Implementos e Benfeitorias, Município de Sarapuí, Estado de São Paulo, 2007/08."]
["ITEM","UNIDADE","N.DE UPAs","MÍNIMO","MÉDIO","MÁXIMO","TOTAL"]
["Arado Comum (Bacia, Aiveca)","Unidade",42,{"v":1,"d":"1.0"},1.1,{"v":2,"d":"2.0"},{"v":46,"d":"46.0"}]
["Arado Escarificador","Unidade",33,{"v":1,"d":"1.0"},{"v":1.36,"d":"1.4"},{"v":5,"d":"5.0"},{"v":45,"d":"45.0"}]
["Arado Subsolador","Unidade",11,{"v":1,"d":"1.0"},{"v":1,"d":"1.0"},{"v":1,"d":"1.0"},{"v":11,"d":"11.0"}]
["Batedeira de Cereais","Unidade",28,{"v":1,"d":"1.0"},{"v":1.25,"d":"1.3"},{"v":2,"d":"2.0"},{"v":35,"d":"35.0"}]
["Câmara Fria","Unidade",1,{"v":1,"d":"1.0"},{"v":1,"d":"1.0"},{"v":1,"d":"1.0"},{"v":1,"d":"1.0"}]
["Carregadeira de Cana","Unidade",1,{"v":1,"d":"1.0"},{"v":1,"d":"1.0"},{"v":1,"d":"1.0"},{"v":1,"d":"1.0"}]
["Colhedeira Acoplada","Unidade",12,{"v":1,"d":"1.0"},{"v":1.08,"d":"1.1"},{"v":2,"d":"2.0"},{"v":13,"d":"13.0"}]
["Colhedeira Automotriz","Unidade",2,{"v":1,"d":"1.0"},{"v":1,"d":"1.0"},{"v":1,"d":"1.0"},{"v":2,"d":"2.0"}]
["Computador","Unidade",1,{"v":1,"d":"1.0"},{"v":1,"d":"1.0"},{"v":1,"d":"1.0"},{"v":1,"d":"1.0"}]
["Conj.Irrigação Autopropelido","Unidade",2,{"v":3,"d":"3.0"},{"v":4,"d":"4.0"},{"v":5,"d":"5.0"},{"v":8,"d":"8.0"}]
["Conj.Irrigação Convencional","Unidade",5,{"v":1,"d":"1.0"},1.6,{"v":4,"d":"4.0"},{"v":8,"d":"8.0"}]
["Conj.Irrigação/Gotejamento/Microaspersão","Unidade",3,{"v":1,"d":"1.0"},{"v":1,"d":"1.0"},{"v":1,"d":"1.0"},{"v":3,"d":"3.0"}]
["Conjunto de Fenação","Unidade",1,{"v":1,"d":"1.0"},{"v":1,"d":"1.0"},{"v":1,"d":"1.0"},{"v":1,"d":"1.0"}]
["Desintegrador de Palha (Plantio Direto)","Unidade",1,{"v":1,"d":"1.0"},{"v":1,"d":"1.0"},{"v":1,"d":"1.0"},{"v":1,"d":"1.0"}]
["Desintegrador, Picador, Triturador","Unidade",141,{"v":1,"d":"1.0"},{"v":1.16,"d":"1.2"},{"v":4,"d":"4.0"},{"v":164,"d":"164.0"}]
["Distribuidor de Calcário","Unidade",11,{"v":1,"d":"1.0"},{"v":1,"d":"1.0"},{"v":1,"d":"1.0"},{"v":11,"d":"11.0"}]
["Ensiladeira","Unidade",14,{"v":1,"d":"1.0"},1.5,{"v":4,"d":"4.0"},{"v":21,"d":"21.0"}]
["Grade Aradora (Tipo Romi)","Unidade",23,{"v":1,"d":"1.0"},{"v":1,"d":"1.0"},{"v":1,"d":"1.0"},{"v":23,"d":"23.0"}]
["Grade Niveladora","Unidade",28,{"v":1,"d":"1.0"},{"v":1.07,"d":"1.1"},{"v":2,"d":"2.0"},{"v":30,"d":"30.0"}]
["Implementos para Tração Animal","Unidade",20,{"v":1,"d":"1.0"},2.3,{"v":6,"d":"6.0"},{"v":46,"d":"46.0"}]
["Microtrator","Unidade",5,{"v":1,"d":"1.0"},{"v":1,"d":"1.0"},{"v":1,"d":"1.0"},{"v":5,"d":"5.0"}]
["Misturador de Ração","Unidade",8,{"v":1,"d":"1.0"},{"v":1,"d":"1.0"},{"v":1,"d":"1.0"},{"v":8,"d":"8.0"}]
["Ordenhadeira Mecânica","Unidade",4,{"v":1,"d":"1.0"},{"v":1,"d":"1.0"},{"v":1,"d":"1.0"},{"v":4,"d":"4.0"}]
["Pulverizador Tratorizado","Unidade",44,{"v":1,"d":"1.0"},1.2,{"v":3,"d":"3.0"},{"v":53,"d":"53.0"}]
["Resfriador de Leite, Tanque Expansão","Unidade",3,{"v":1,"d":"1.0"},{"v":1,"d":"1.0"},{"v":1,"d":"1.0"},{"v":3,"d":"3.0"}]
["Semeadeira/Adubadeira para Plantio Convencional","Unidade",14,{"v":1,"d":"1.0"},{"v":1,"d":"1.0"},{"v":1,"d":"1.0"},{"v":14,"d":"14.0"}]
["Semeadeira/Plantadeira Plantio Direto","Unidade",17,{"v":1,"d":"1.0"},{"v":1.29,"d":"1.3"},{"v":4,"d":"4.0"},{"v":22,"d":"22.0"}]
["Terraceador","Unidade",2,{"v":1,"d":"1.0"},{"v":1,"d":"1.0"},{"v":1,"d":"1.0"},{"v":2,"d":"2.0"}]
["Trator de Esteiras","Unidade",5,{"v":1,"d":"1.0"},1.4,{"v":2,"d":"2.0"},{"v":7,"d":"7.0"}]
["Trator de Pneus","Unidade",150,{"v":1,"d":"1.0"},1.4,{"v":8,"d":"8.0"},{"v":210,"d":"210.0"}]
["Açude/Represa","Unidade",169,{"v":1,"d":"1.0"},{"v":1.91,"d":"1.9"},{"v":13,"d":"13.0"},{"v":323,"d":"323.0"}]
["Almoxarifado/Oficina","Unidade",13,{"v":1,"d":"1.0"},{"v":1.08,"d":"1.1"},{"v":2,"d":"2.0"},{"v":14,"d":"14.0"}]
["Armazém para Grãos Ensacados","Sacas",8,{"v":1,"d":"1.0"},{"v":1.25,"d":"1.3"},{"v":3,"d":"3.0"},{"v":10,"d":"10.0"}]
["Balança para Bovinos","Unidade",26,{"v":1,"d":"1.0"},{"v":1.04,"d":"1.0"},{"v":2,"d":"2.0"},{"v":27,"d":"27.0"}]
["Balança para Veículos","Unidade",5,{"v":1,"d":"1.0"},1.2,{"v":2,"d":"2.0"},{"v":6,"d":"6.0"}]
["Barracão para Granja/Avicultura","Unidade",5,{"v":1,"d":"1.0"},1.6,{"v":4,"d":"4.0"},{"v":8,"d":"8.0"}]
["Barracão/Galpão/Garagem","Unidade",234,{"v":1,"d":"1.0"},{"v":1.32,"d":"1.3"},{"v":10,"d":"10.0"},{"v":308,"d":"308.0"}]
["Casa de Moradia Habitada","Unidade",372,{"v":1,"d":"1.0"},{"v":1.56,"d":"1.6"},{"v":11,"d":"11.0"},{"v":580,"d":"580.0"}]
["Casa de Moradia Total","Unidade",406,{"v":1,"d":"1.0"},{"v":1.74,"d":"1.7"},{"v":16,"d":"16.0"},{"v":706,"d":"706.0"}]
["Curral/Mangueira","Unidade",252,{"v":1,"d":"1.0"},{"v":1.09,"d":"1.1"},{"v":6,"d":"6.0"},{"v":275,"d":"275.0"}]
["Depósito/Tulha","Unidade",83,{"v":1,"d":"1.0"},{"v":1.16,"d":"1.2"},{"v":4,"d":"4.0"},{"v":96,"d":"96.0"}]
["Engenho","Unidade",3,{"v":1,"d":"1.0"},{"v":1,"d":"1.0"},{"v":1,"d":"1.0"},{"v":3,"d":"3.0"}]
["Estábulo","Unidade",25,{"v":1,"d":"1.0"},{"v":1.04,"d":"1.0"},{"v":2,"d":"2.0"},{"v":26,"d":"26.0"}]
["Estufa/Plasticultura","m²",4,{"v":300,"d":"300.0"},{"v":1475,"d":"1,475.0"},{"v":5000,"d":"5,000.0"},{"v":5900,"d":"5,900.0"}]
["Fábrica de Ração","Unidade",2,{"v":1,"d":"1.0"},{"v":1,"d":"1.0"},{"v":1,"d":"1.0"},{"v":2,"d":"2.0"}]
["Instalações para Equinos","Unidade",11,{"v":1,"d":"1.0"},{"v":5.55,"d":"5.6"},{"v":32,"d":"32.0"},{"v":61,"d":"61.0"}]
["Olaria","Unidade",1,{"v":2,"d":"2.0"},{"v":2,"d":"2.0"},{"v":2,"d":"2.0"},{"v":2,"d":"2.0"}]
["Packing House","Unidade",1,{"v":2,"d":"2.0"},{"v":2,"d":"2.0"},{"v":2,"d":"2.0"},{"v":2,"d":"2.0"}]
["Pocilga","Unidade",11,{"v":1,"d":"1.0"},{"v":1,"d":"1.0"},{"v":1,"d":"1.0"},{"v":11,"d":"11.0"}]
["Poço Semi-Artesiano","Unidade",5,{"v":1,"d":"1.0"},{"v":1,"d":"1.0"},{"v":1,"d":"1.0"},{"v":5,"d":"5.0"}]
["Silo para Silagem","t",5,{"v":1,"d":"1.0"},92.8,{"v":400,"d":"400.0"},{"v":464,"d":"464.0"}]
["Terreiro","m²",2,{"v":1,"d":"1.0"},{"v":1,"d":"1.0"},{"v":1,"d":"1.0"},{"v":2,"d":"2.0"}]
["Fonte: Secretaria de Agricultura e Abastecimento, CDRS/IEA, Projeto LUPA."]
[]
["TABELA 564.4 - Outras Estatísticas Agrícolas, Município de Sarapuí, Estado de São Paulo, 2007/08."]
["ITEM","Número de UPAs",null,"Percentual"]
["Faz Parte de Associação de Produtores",42,null,{"v":7.608695652173913,"d":"7.6"}]
["Faz Parte de Cooperativa de Produtores",42,null,{"v":7.608695652173913,"d":"7.6"}]
["Faz Parte do Sindicato de Produtores",57,null,{"v":10.32608695652174,"d":"10.3"}]
["Não utiliza assistência técnica ",433,null,{"v":78.44202898550725,"d":"78.4"}]
["Utiliza somente assistência técnica governamental ",59,null,{"v":10.68840579710145,"d":"10.7"}]
["Utiliza somente assistência técnica privada ",39,null,{"v":7.065217391304348,"d":"7.1"}]
["Utiliza assistência técnica tanto governamental quanto privada",21,null,{"v":3.8043478260869565,"d":"3.8"}]
["Utiliza Crédito Rural",62,null,{"v":11.231884057971014,"d":"11.2"}]
["Utiliza Seguro Rural",13,null,{"v":2.355072463768116,"d":"2.4"}]
["Utiliza Escrituração Agrícola",29,null,{"v":5.253623188405798,"d":"5.3"}]
["Acessa Internet p/ Fins na Agropecuária",24,null,{"v":4.3478260869565215,"d":"4.3"}]
["Utiliza Computador nas Atividades Agropecuárias",13,null,{"v":2.355072463768116,"d":"2.4"}]
["Utiliza Energia Elétrica Para Uso na Atividade Agrícola",328,null,{"v":59.42028985507246,"d":"59.4"}]
["Realiza Análise de Solo, quando necessário",139,null,{"v":25.181159420289855,"d":"25.2"}]
["Utiliza Práticas de Conservação de Solo, quando necessário",157,null,{"v":28.442028985507243,"d":"28.4"}]
["Faz Adubação Mineral, quando necessário",188,null,{"v":34.05797101449275,"d":"34.1"}]
["Faz Adubação Orgânica, quando necessário",61,null,{"v":11.050724637681158,"d":"11.1"}]
["Faz Adubação Verde, quando necessário",16,null,{"v":2.898550724637681,"d":"2.9"}]
["Utiliza Manejo Integrado de Pragas (MIP)",5,null,{"v":0.9057971014492754,"d":"0.9"}]
["Utiliza Hidroponia","-",null,"-"]
["Utiliza Plasticultura",5,null,{"v":0.9057971014492754,"d":"0.9"}]
["Utiliza Mudas Fiscalizadas",45,null,{"v":8.152173913043478,"d":"8.2"}]
["Utiliza Semente Melhorada",240,null,{"v":43.47826086956522,"d":"43.5"}]
["Faz Confinamento de Bovinos",14,null,{"v":2.536231884057971,"d":"2.5"}]
["Utiliza Pastejo Intensivo",37,null,{"v":6.702898550724639,"d":"6.7"}]
["Faz Inseminação Artificial",9,null,{"v":1.6304347826086958,"d":"1.6"}]
["Faz Mineralização do Rebanho",405,null,{"v":73.3695652173913,"d":"73.4"}]
["Faz Vermifugação do Rebanho",390,null,{"v":70.65217391304347,"d":"70.7"}]
["Possui Parceiros /Arrendatários na Exploração Animal",31,null,{"v":5.615942028985507,"d":"5.6"}]
["Esporte e lazer","-",null,"-"]
["Extração mineral","-",null,"-"]
["Hotel Fazenda, Pousada ou SPA","-",null,"-"]
["Pesque-pague","-",null,"-"]
["Restaurante ou Lanchonete","-",null,"-"]
["Transformação artesanal","-",null,"-"]
["Turismo rural ou ecoturismo","-",null,"-"]
["Outras atividades econômicas rurais","-",null,"-"]
["Agroindústria","-",null,"-"]
["Proprietário sem instrução ou com instrução incompleta",165,null,{"v":29.891304347826086,"d":"29.9"}]
["Proprietário com antigo primário completo",206,null,{"v":37.31884057971015,"d":"37.3"}]
["Proprietário com 1° grau (ou antigo ginasial) completo",39,null,{"v":7.065217391304348,"d":"7.1"}]
["Proprietário com 2° grau (ou antigo colegial) completo",43,null,{"v":7.7898550724637685,"d":"7.8"}]
["Proprietário com curso superior completo ",95,null,{"v":17.21014492753623,"d":"17.2"}]
["Pessoa Jurídica",4,null,{"v":0.7246376811594203,"d":"0.7"}]
["Proprietário residente na própria UPA ",209,null,{"v":37.86231884057971,"d":"37.9"}]
["Fonte: Secretaria de Agricultura e Abastecimento, CDRS/IEA, Projeto LUPA."]
[]
["TABELA 564.5 - Área Cultivada, Município de Sarapuí, Estado de São Paulo, 2007/08."]
["CULTURA","N.DE UPAs","MÍNIMO","MÉDIO","MÁXIMO","TOTAL"]
["Braquiaria",518,0.2,{"v":34.42,"d":"34.4"},881.7,{"v":17830.4,"d":"17,830.4"}]
["Milho",165,0.6,{"v":15.81,"d":"15.8"},206.3,{"v":2609.1,"d":"2,609.1"}]
["Eucalipto",43,0.2,{"v":28.83,"d":"28.8"},655.1,{"v":1239.9,"d":"1,239.9"}]
["Feijao",62,{"v":1,"d":"1.0"},{"v":8.24,"d":"8.2"},36.7,510.6]
["Melancia",35,{"v":1,"d":"1.0"},{"v":8.57,"d":"8.6"},{"v":30,"d":"30.0"},299.8]
["Cana-de-acucar",31,0.5,{"v":5.43,"d":"5.4"},{"v":20,"d":"20.0"},168.2]
["Tangerina",22,0.4,{"v":6.71,"d":"6.7"},{"v":25,"d":"25.0"},147.7]
["Laranja",12,{"v":1,"d":"1.0"},{"v":11.75,"d":"11.8"},55.6,{"v":141,"d":"141.0"}]
["Mandioca",19,0.1,{"v":6.71,"d":"6.7"},19.6,127.4]
["Capim-napier (ou capim-elefante)",6,0.2,{"v":16.25,"d":"16.3"},35.1,97.5]
["Caqui",2,{"v":1,"d":"1.0"},19.5,{"v":38,"d":"38.0"},{"v":39,"d":"39.0"}]
["Uva fina",10,0.4,{"v":1.69,"d":"1.7"},{"v":6,"d":"6.0"},16.9]
["Capim-gordura",2,2.1,{"v":6.75,"d":"6.8"},11.4,13.5]
["Nespera (ou ameixa-amarela)",1,{"v":8,"d":"8.0"},{"v":8,"d":"8.0"},{"v":8,"d":"8.0"},{"v":8,"d":"8.0"}]
["Milho-silagem",1,{"v":6,"d":"6.0"},{"v":6,"d":"6.0"},{"v":6,"d":"6.0"},{"v":6,"d":"6.0"}]
["Feijao-vagem (ou vagem, ou feijao-verde)",1,{"v":5,"d":"5.0"},{"v":5,"d":"5.0"},{"v":5,"d":"5.0"},{"v":5,"d":"5.0"}]
["Cebolinha",1,{"v":5,"d":"5.0"},{"v":5,"d":"5.0"},{"v":5,"d":"5.0"},{"v":5,"d":"5.0"}]
["Abobora (ou jerimum)",4,0.2,{"v":0.95,"d":"1.0"},{"v":2,"d":"2.0"},3.8]
["Pomar domestico",5,0.2,{"v":0.74,"d":"0.7"},{"v":2,"d":"2.0"},3.7]
["Maracuja",4,0.3,{"v":0.83,"d":"0.8"},1.3,3.3]
["Arroz",2,0.3,{"v":1.35,"d":"1.4"},2.4,2.7]
["Banana",1,{"v":2,"d":"2.0"},{"v":2,"d":"2.0"},{"v":2,"d":"2.0"},{"v":2,"d":"2.0"}]
["Jilo",2,0.2,0.6,{"v":1,"d":"1.0"},1.2]
["Toranja",1,1.2,1.2,1.2,1.2]
["Pinus",1,{"v":1,"d":"1.0"},{"v":1,"d":"1.0"},{"v":1,"d":"1.0"},{"v":1,"d":"1.0"}]
["Nectarina",1,{"v":1,"d":"1.0"},{"v":1,"d":"1.0"},{"v":1,"d":"1.0"},{"v":1,"d":"1.0"}]
["Outras frutiferas",1,0.2,0.2,0.2,0.2]
["Fonte: Secretaria de Agricultura e Abastecimento, CDRS/IEA, Projeto LUPA."]